000 00443cam a22002054a 4500
005 20250605164315.0
008 250528s ||||||||||||||||||||||||d
035 _a22657
020 _a9783822893265
040 _aGR-AtMCL
_bgre
_dGR-AtMCL
_eAACR2
245 1 _aDALI
250 _a1
260 _c1994
300 _a96
700 1 _aNeret Gilles
_98398
700 1 _aTaschen
_92434
942 _cBK
999 _c7705
_d7705